[Event "FRA-ch"]
[Site "Aix les Bains"]
[Date "2003.08.22"]
[Round "5"]
[White "Bauer, Christian"]
[Black "Skripchenko, Almira"]
[Result "1-0"]
[WhiteElo "2589"]
[BlackElo "2489"]
[Annotator "Ribli,Z"]
[PlyCount "91"]
[EventDate "2003.08.18"]
[EventType "tourn"]
[EventRounds "11"]
[EventCountry "FRA"]
[EventCategory "13"]
[SourceTitle "CBM 097"]
[Source "ChessBase"]
[SourceDate "2003.11.11"]
[SourceVersion "1"]
[SourceVersionDate "2003.11.11"]
[SourceQuality "1"]

1. e4 c5 2. Nf3 e6 3. d4 cxd4 4. Nxd4 Nc6 5. Nc3 Qc7 6. Be3 a6 7. Qd2 {
Heutzutage ist diese Variante sehr populär - Weiß bereitet die lange Rochade
vor, wonach er im folgenden mit f3 und g4 angreifen möchte.} Nf6 8. O-O-O Bb4
9. f3 Ne5 (9... Ne7 $5) 10. Nb3 b5 11. Kb1 {Das ist die moderne Fortsetzung,
aber die Hauptvariante ist 11.Bd4.} Be7 12. Qf2 {Mit diesem Damezug verstärkt
Weiß die Kontrolle über die Diagonale g1-a7 und verteidigt vorher den
f3-Bauern, so dass er im folgenden g2-g4 ziehen kann.} Rb8 13. g4 h6 14. h4 d6
(14... b4 15. Na4 d5 16. exd5 Nxd5 17. Bd4 $14 {Der a4N steht weniger gut,
aber im Falle von Bd7 kann Weiß immer Nac5 ziehen.}) 15. Rg1 {[%cal Gg4g5]
Weiß bereitet 16.g5 vor.} g5 $2 {[%mdl 16384] Mit diesem Zug verhindert
Schwarz die Möglichkeit 16...g5, aber gleichzeitig schwächt er seinen
Königsflügel.} (15... b4 $6 16. Na4 Bd7 17. Nb6 Bc6 18. g5 $16) (15... Nfd7 $1
16. f4 Nc4 $13) 16. Rh1 $1 $14 {Auf diese Weise verschafft sich Weiß die
h-Linie.} Rg8 17. hxg5 hxg5 18. Ba7 Rb7 (18... Ra8 19. Bb6 Qb7 20. Bd4 $16) 19.
Bd4 {[%csl Gb1,Re5,Gh1][%cal Gh1h8] Der weiße König steht in voller Sicherheit,
der h1R besetzt die h-Linie und Weiß hat aktives Figurenspiel auf dem ganzen
Brett. Andererseits ist die schwarze Springerstellung auf e5 sehr stark.} Bd7 (
19... Nfd7 20. Ne2 $14 {[%cal Ge2g3,Gg3h5]}) 20. Qg3 b4 (20... Nc6 21. Be3 $14
(21. Bxf6 Bxf6 22. Qxd6 Qxd6 23. Rxd6 Bxc3 24. bxc3 Ke7 $44)) 21. Ne2 Nc4 22.
Nec1 {Droht jetzt 23.Bxc4 Qxc4 24.Na5 mit Qualitätsgewinn.} Bb5 23. Bxc4 Bxc4
24. Nd2 e5 $6 {Dieser Zug gefällt mir nicht, weil er sowohl das d5 als auch
f5-Feld schwächt.} (24... Bb5 $5 25. Qh2 (25. e5 d5 {[%cal Gc7g3]} 26. Qh2 (26.
Ndb3 Nd7 27. Nd3 a5 $132) 26... Nd7 $13) 25... e5 26. Bf2 $14 d5 $6 27. Bg3 Bd6
28. exd5 $16) 25. Nxc4 Qxc4 26. b3 (26. Be3 $16) 26... Qc6 27. Bb2 {[%csl Yd5,
Yf5] Die weißen Felder sind schwach in der schwarzen Stellung und er hat nur
geringe Gegenchancen.} a5 $1 {Das ist die einzig mögliche Gegenchance für
Schwarz. Im folgenden kann er a5-a4 spielen.} 28. Qe1 a4 29. Nd3 Qb5 30. Qd2 $6
(30. Bc1 $5 {[%cal Gc1d2,Ge1b4,Gd3b2,Gb2c4] Nach diesem Zug kommt das
Springermanöver mit Nb2-Nc4 in Betracht und es droht noch 31.Bd2.}) 30... Nd7 {
[%cal Gd7f8,Gf8g6]} 31. Rh7 Nf8 32. Rh6 Ng6 33. Qh2 Rc7 (33... Nh4 34. Rf1 Bf8
35. Rh7 $14) 34. Rh7 Bf6 35. Qd2 Rb7 36. Ne1 $1 {[%cal Ge1g2,Gg2e3,Ge3f5,Ge3d5]
[%mdl 32] Der Springer zielt nach e3, wonach er nach d5 oder f5 transferiert
werden kann.} Be7 37. Ng2 Nf4 38. Ne3 (38. bxa4 $5 Qa6 (38... Qxa4 39. Nxf4
gxf4 (39... Ra7 40. Nd5 $18) 40. Qd5 $18 {[%cal Rd5b7,Rd5f7]}) 39. Nxf4 gxf4
40. Qd5 Rf8 41. Rh6 $16 {[%cal Gh6a6]}) 38... axb3 (38... Ra7 $5) 39. cxb3 {
[%cal Gd1c1,Gc1c8] Nach dem Bauerntausch kann Weiß sich außerdem die c-Linie
verschaffen.} Ra7 40. Nf5 $16 {[%csl Gf5] Der Springer steht ausgezeichnet auf
f5 - droht 41.Nxd6+, oder 41.Qxd6.} Ra6 41. Rc1 Qa5 42. Ba1 (42. a4 $5 bxa3 43.
Rc8+ Bd8 44. Nxd6+ Kd7 (44... Ke7 45. Qxa5 Rxa5 46. Bc3 $18) 45. Bc3 a2+ 46.
Ka1 $18) 42... Ra8 43. Rc6 Nd3 44. a4 $1 $18 {Nach diesem Zug ist die schwarze
Stellung hoffnungslos.} Nc5 (44... bxa3 45. Qxd3 a2+ 46. Kc2 $18) 45. Qd5 Ne6
46. Rc8+ $1 (46. Rc8+ $1 Kd7 47. Qxa5 Rxa5 48. Rxg8 $18) 1-0

[Event "Zalaegerszeg"]
[Site "Zalaegerszeg"]
[Date "2004.04.30"]
[Round "7"]
[White "Korneev, Oleg"]
[Black "Horvath, Adam"]
[Result "1-0"]
[WhiteElo "2573"]
[BlackElo "2517"]
[Annotator "Ribli,Z"]
[PlyCount "65"]
[EventDate "2004.04.24"]
[EventType "tourn"]
[EventRounds "9"]
[EventCountry "HUN"]
[EventCategory "13"]
[SourceTitle "CBM 101"]
[Source "ChessBase"]
[SourceDate "2004.07.27"]
[SourceVersion "1"]
[SourceVersionDate "2004.07.27"]
[SourceQuality "1"]

1. e4 c5 2. Nf3 Nc6 3. d4 cxd4 4. Nxd4 e6 5. Nc3 Qc7 6. Be3 a6 7. Qd2 Nf6 8.
O-O-O Bb4 9. f3 Ne7 {Der junge ungarische Großmeister folgt der Spielweise von
Andersson. Dieser Springerzug wird relativ selten gespielt, aber er ist gar
nicht schlecht. Die schwarze positionelle Drohung ist 10...e5 und später d7-d5.
} 10. Nde2 (10. a3 Bxc3 11. Qxc3 (11. bxc3 d5 $15) 11... Qxc3 12. bxc3 d5 (
12... e5 13. Nf5 Nxf5 14. exf5 b5 (14... d5 15. g4 (15. Bg5 Bxf5 16. Bxf6 gxf6
17. Rxd5 Rc8 18. Kb2 Ke7 $15) 15... h6 $13) 15. c4 d5 $13 {0-1 Narciso Dublan,
M-Andersson,U/Pamplona 2001 /CBM 87(35)}) 13. e5 Nd7 14. f4 {1/2-1/2
Goloshchapov,A-Fominyh,A/Calcutta 2002/CBM 88/[Ribli] (76)}) 10... d5 11. Bg5 (
11. a3 Ba5 12. Bg5 dxe4 13. Bxf6 gxf6 14. Qh6 f5 15. Qf6 (15. fxe4 Qe5 16. Qh5
Bd7 17. g4 Bxc3 18. Nxc3 Qf4+ 19. Kb1 Qxg4 20. Qh6 O-O-O 21. Bxa6 $1 $44 {
1-0 Sandipan,C-Fominyh,A/Dhaka BAN 2004/(49)}) 15... Ng6 16. fxe4 f4 17. g3 Bd7
$1 (17... fxg3 $6 18. hxg3 $14 {[%csl Gf6][%cal Gh1h8]} Bd7 19. Rh5 $1 {
[%csl Gh5][%cal Gh5a5] Der Turm steht ausgezeichnet auf h5 und kontrolliert
die wichtigen Felder auf der fünften Reihe.} Bxc3 20. Nxc3 Qxg3 21. Kb1 Qf4 22.
Qd4 Bc6 23. Bc4 Qc7 24. Qg7 Rd8 25. Bxe6 $1 $16 {[%cal Gg7c7] 1-0 Tischbierek,
R-Jansa,V/Germany 2003/CBM 95/[Ribli] (28)}) 18. gxf4 Bxc3 19. bxc3 Qd8 20.
Qxd8+ Rxd8 21. Rg1 Ke7 $44 {1/2-1/2 Korneev,O-Graf,A/Lanzarote ESP 2003/(51)})
11... dxe4 12. Bxf6 gxf6 13. Qd4 {Das ist eine chancenreiche Fortsetzung für
Weiß, er zentralisiert die Dame und es hängen f6 sowei b4. Andererseits ist
der Damezug eigentlich ein Bauernopfer für Initiative.} (13. Qh6 f5 14. fxe4
Qe5 $11 {[%csl Ge5][%cal Ge5g7]} (14... Bd6 $5 {[%cal Gd6e5,Ge5b2,Ge5h8]}) 15.
Qh4 (15. Qd2 O-O $11) 15... Bd6 $1 16. g3 Ng6 17. Qg5 f4 18. Qg4 h5 19. Qf3
fxg3 20. hxg3 Bd7 {[%csl Gd6,Gd7] Schwarz hat das Läuferpaar und eine gute
Figurenstellung, aber seine Königsstellung ist noch unsicher.} 21. Bg2 (21. Qd3
Ke7 $11) 21... Rd8 22. Rhf1 Qg5+ 23. Kb1 Ne5 $15 {[%csl Ge5] 0-1 Sriram,
J-Flumbort,A/Nagykanizsa 2003/CBM 99/[Ribli] (42)}) 13... exf3 (13... Bxc3 $6
14. Nxc3 e5 15. Qxe4 O-O 16. Qh4 Bf5 17. Qxf6 Rad8 18. Be2 {1-0 Goloshchapov,
A-Renette,H/Leuven BEL 2003/(24)}) 14. Qxb4 (14. Qxf6 Ng6 15. Qxf3 Bxc3 16.
Nxc3 Qf4+ 17. Qxf4 Nxf4 18. g3 Ng6 19. Bg2 Rb8 20. Rhe1 Ne7 {1-0 Spraggett,
K-Rodriguez Guerrero,E/Madrid 2002/CBM 90 ext (44)}) 14... fxe2 15. Bxe2 f5 16.
Rd6 $5 $146 {[%mdl 8] Das ist die wahrscheinlich schon zu Hause vorbereitete
Neuerung. Weiß möchte die Türme auf der d-Linie verdoppeln und auf diese Weise
die schwarze Stellung in zwei Hälften schneiden.} (16. Bf3 Bd7 17. Rhe1 Bc6 18.
Bxc6+ bxc6 19. g4 Rb8 20. Qd4 Rg8 21. gxf5 Nxf5 22. Qd3 Qa5 {1/2-1/2 Gashimov,
V-Tregubov,P/Istanbul 2003/CBM 96 (28)}) (16. Na4 b5 $5 17. Nc5 O-O (17... Ng6
$5 {Dieser Zug kommt in Betracht.}) 18. Nd7 Bxd7 19. Qxe7 Rac8 20. Qg5+ Kh8 21.
Qf6+ {1/2-1/2 Arizmendi Martinez,J-De la Riva Aguado,O/Burgos ESP 2003/(24)}) (
16. Bh5 Bd7 17. Rhe1 Rg8 18. g4 Rc8 19. gxf5 Nxf5 20. Rd2 a5 21. Qe4 Kf8 22.
Qd3 Bc6 {0-1 Jaracz,B-Blimke,D/Lubniewice 2002/CBM 90 ext (64)}) 16... Bd7 {
Schwarz bringt seinen Läufer sofort ins Spiel.} (16... O-O 17. Rhd1 $36 {
[%csl Rc8,Gd1,Gd6][%cal Gd1d8] Es ist schwer zu sehen, wie Schwarz seinen
Läufer entwickeln kann.}) 17. Rhd1 Bc6 18. Qd4 O-O (18... Rg8 19. g3 $44) 19.
g4 $36 fxg4 (19... Rfe8) 20. Qxg4+ Ng6 (20... Kh8 21. Qd4+ f6 22. Rxe6 Rad8 23.
Qf2 Rxd1+ 24. Bxd1 $16) 21. h4 {Nach diesem Zug befindet sich Schwarz in
großer Not - es droht einfach 22.h5.} Rad8 {Schwarz opfert eine Figur, aber
guter Rat ist schon teuer.} (21... h5 22. Qxh5 Rad8 23. Rxd8 Rxd8 24. Rg1 (24.
Rxd8+ $2 Qxd8 {[%csl Rh4][%cal Rd8h4]} 25. Bd3 Qxh4 26. Bxg6 Qf4+ 27. Kb1 Qf1+
28. Nd1 fxg6 29. Qxg6+ Kf8 $15)) (21... Kh8 22. h5 $16) 22. Rxd8 Rxd8 23. Rxd8+
Qxd8 24. h5 $16 f5 25. Qg1 $1 {[%csl Gg1][%cal Gg1a7,Gg1g8]} (25. Qg3 Qh4 $132)
25... Qf6 26. a4 {Weiß muss sich nicht beeilen, der g6N kann sich nicht retten.
Mit dem Partiezug gewinnt Weiß Raum am Damenflügel.} Kg7 27. hxg6 hxg6 {
[%mdl 1024] Schwarz hat nur zwei Bauern für die Figur, aber seine Mehrheit ist
kaum zu mobilisieren, da in diesem Fall die schwarze Königsstellung ganz
geschwächt wäre.} 28. Qc5 {[%csl Gc5]} Qf8 $6 (28... e5 29. b4 $16) 29. Qe5+
Qf6 30. Qc7+ (30. Qxf6+ $2 Kxf6 $132 {[%cal Ge6e5,Gg6g5]}) 30... Qf7 31. Qd6 {
[%csl Gd6] Die weiße Dame steht sehr aktiv auf d6 und paralysiert die schwarze
Stellung.} f4 32. Ne4 $1 (32. Bxa6) 32... f3 (32... Bxe4 33. Qe5+ Qf6 34. Qxe4
$16) 33. Qe5+ (33. Qe5+ Kf8 34. Ng5 Qf5 35. Nxf3 $18) 1-0

[Event "RUS-ch"]
[Site "Elista"]
[Date "1996.??.??"]
[Round "11"]
[White "Shabanov, Yuri"]
[Black "Korneev, Oleg"]
[Result "0-1"]
[WhiteElo "2405"]
[BlackElo "2565"]
[Annotator "Ribli,Z"]
[PlyCount "122"]
[EventDate "1996.10.15"]
[EventType "swiss"]
[EventRounds "11"]
[EventCountry "RUS"]
[SourceTitle "CBM 056"]
[Source "ChessBase"]
[SourceDate "1997.02.01"]
[SourceVersion "1"]
[SourceVersionDate "1997.02.01"]
[SourceQuality "1"]

1. e4 c5 2. Nf3 e6 3. Nc3 a6 4. d4 cxd4 5. Nxd4 Qc7 6. Bd3 Nc6 7. Be3 Nf6 8.
O-O Ne5 9. h3 Bc5 10. Qe2 (10. Kh1 $5 d6 11. f4 Ng6 12. a4 O-O 13. Qe2 Bd7 14.
Nb3 Bxe3 15. Qxe3 Bc6 16. Rfd1 Rac8 $10 {Pugachov-Horvath,Jo.Zalakaros,1996.})
10... d6 11. Nb3 Bxe3 12. Qxe3 O-O 13. Nd4 $6 {Dieser Springerzug ist logisch,
weil ihm auf b3 keine schöne Zukunft bevorsteht. Aber das Springermanöver
kostet viel Zeit. Ich denke, daß das alte 13.f4 besser ist, aber auch das
verschafft Weiß keinen Vorteil.Ribli.} b5 14. Nf3 Ng6 {In der ganzen Partie
können wir beobachten, daß Schwarz nur tauscht, wenn es unvermeidlich ist. Er
hält die Figuren auf dem Brett. Anzumerken ist, daß diese Partie in der
letzten Runde gespielt wurde.Ribli.} (14... Nxf3+ 15. Qxf3 Bb7 $10) 15. Ne2 e5
$1 {Schwarz spielt gegen die weißen Springer.Ribli.} 16. Ng3 Re8 17. Rfe1 (17.
Nf5 $2 d5 18. exd5 e4) 17... Bb7 18. c3 d5 $15 19. Rad1 (19. exd5 Nxd5 20. Qd2
Rad8 (20... Ngf4 21. Be4 g6 22. Z0 $140 f5)) 19... h6 20. Bb1 Rad8 21. Qc1 dxe4
(21... Nf4 $5 22. exd5 N6xd5 23. Be4) 22. Nxe4 Nd5 23. Ng3 Ndf4 (23... Ngf4 24.
Be4) 24. Be4 Bxe4 25. Rxe4 f6 {Die weiße Bauernmehrheit am Damenflügel ist
nicht mobil, Schwarz kann seine vier Bauern am Königsflügel leichter in
Bewegung setzen.Ribli.} 26. Qc2 Kh8 {Schwarz spielt sehr profilaktisch. Er hat
nur eine etwas bessere Stellung, in der es keine konkrete Möglichkeit gibt,
die Position schnell zu verbessern.Ribli.} 27. Ree1 Qc6 (27... Qc4) 28. Qe4
Qxe4 29. Nxe4 Nd3 {Nach dem Damentausch ist der schwarze Druck ebenso
gefährlich.Ribli.} 30. Re2 f5 31. Ng3 e4 32. Nd4 Ngf4 33. Red2 g6 34. Nge2 Nd5
$1 (34... Nxe2+ $6 35. Nxe2 {Und droht 36.Nc1,oder 36.Nf4.Ribli.}) 35. Nc1 Nxc1
36. Rxc1 Nf4 37. Rcd1 h5 38. h4 Kh7 39. Kf1 Nd3 40. Ne2 Rc8 41. Nc1 Ne5 42. Re2
$6 (42. Rd6 $5 Nc4 43. Rxa6 Nxb2 44. Rd7+ {Weiss hat die erste und letzte
Chance zu aktivem Spiel verpaßt.Ribli.}) 42... Red8 43. Ke1 Rxd1+ 44. Kxd1 Kh6
45. Nb3 $2 (45. Kc2) (45. f4 {In diesem Fall erhält Schwarz einen ewigen
Freibauern auf e4, aber keinen Durchbruch mit g6-g5.Ribli.}) 45... Nd3 46. Rd2
g5 $1 47. hxg5+ Kxg5 $17 48. Nc1 $2 (48. Nd4 b4 49. cxb4 $4 (49. Ne2) 49...
Rc1+ 50. Ke2 Re1#) 48... Nxc1 49. Kxc1 Kf4 {Die aktive schwarze Königsstellung
entscheidet die Partie. Weiß spielt praktisch mit einem Bauern weniger, da
seine Bauern am Damenflügel kaum zu mobilisieren sind.} 50. Rd5 h4 51. g3+ hxg3
52. fxg3+ Kg4 $19 53. a4 (53. Kd2 Rh8) 53... bxa4 54. Kd2 Rh8 55. c4 Rf8 56.
Ke3 Rb8 57. Rd2 Rb3+ 58. Kd4 e3 59. Rc2 Kf3 60. c5 e2 61. Rc1 Rxb2 {Und Weiß
gab auf, da der e2-Bauer die Entscheidung erzwingt. Die beste Möglichkeit für
Weiß besteht in 62.Kd3, aber dann folgt 62...Kf2 (62...Rb8!?) 63.c6 e1Q 64.
Rxe1 Kxe1 65.c7 Rd2+ 66.Kc3 Kd1 67.c8Q Rc2+ und Schwarz gewinnt. Ribli} 0-1

[Event "Hamburg-ch int"]
[Site "Hamburg"]
[Date "1999.05.23"]
[Round "2.5"]
[White "Joecks, Christian"]
[Black "Stanke, Juergen"]
[Result "1/2-1/2"]
[WhiteElo "2415"]
[BlackElo "2315"]
[Annotator "Ribli,Z"]
[PlyCount "63"]
[EventDate "1999.05.22"]
[EventType "swiss"]
[EventRounds "9"]
[EventCountry "GER"]
[SourceTitle "CBM 072"]
[Source "ChessBase"]
[SourceDate "1999.10.01"]
[SourceVersion "1"]
[SourceVersionDate "1999.10.01"]
[SourceQuality "1"]

{[%mdl 68]} 1. e4 c5 2. Nf3 Nc6 3. d4 cxd4 4. Nxd4 Qc7 {Diese Zugfolge ist
heutzutage sehr populär. Meines Erachtens ist der Zug 5.Nb5 ungefährlich und
Weiss sollte daher mit 5.Nc3 die Hauptvarianten spielen. Ribli.} 5. Nc3 e6 6.
Be3 Nf6 7. Bd3 {Das ist eine aktive Variante. Weiss will mit 0-0, f4 eine
Angriffsstellung errichten.} a6 8. O-O h5 {[%cal Gf6g4,Gc7h2,Gh8h2] Statt der
langen Hauptvarianten (z.B. 8...Ne5 oder 8...b5) spielt Schwarz eine riskante
Fortsetzung. Es droht 9...Ng4 und nach dem prophylaktischen 9.h3 bekommt
Schwarz seine Gegenchancen.} 9. h3 Nxd4 10. Bxd4 Bc5 {Es sei angemerkt, dass
dies ohne die Züge 8...h5 9.h3 auch eine theoretische Variante - nach 1.e4 c5
2.Nf3 Nc6 3.d4 cxd4 4.Nxd4 Qc7 5.Nc3 e6 6.Be3 a6 7.Bd3 Nf6 8.0-0 Nxd4 9,Bxd4
Bc5 - wäre, wo die Fortsetzung 10.Bxf6 gxf6 11.Qg4 dem Weissen Vorteil bietet.
Mit den Zügen 8...h5 9.h3 geht diese Variante nicht.} 11. Be2 (11. Bxc5 Qxc5
12. Qf3 (12. Qd2 d6 13. a4 (13. Rae1 Bd7 14. e5 dxe5 15. Qg5 Bc6 16. Be4 O-O-O
17. Qxg7 Qe7 18. Qg5 Rhg8 {0-1 Bobras,P-Gustafsson,J/Tingkaerskolen 1997/EXT
97 (39)}) 13... Bd7 14. a5 Rc8 {1/2-1/2 Motwani,P-Gheorghiu,F/Thessaloniki olm
1988/TD 88\06 (14)}) (12. Na4 Qc6 (12... Qa5 13. c4 d6 14. Nc3 Qc5 15. Qf3 Bd7
{1/2-1/2 Lau,R-Ruzele,D/Regensburg op 1997 (15)}) 13. c4 d6 14. Nc3 e5 15. Nd5
Be6 16. b4 Bxd5 17. exd5 Qb6 18. Qd2 a5 19. a3 axb4 20. axb4 O-O {1/2-1/2
Kindermann,S-Movsesian,S/GER-ARM 1996/CBM 55 (25)}) 12... h4 $1 13. Rad1 d6 $13
{Golubev}) (11. Bxf6 gxf6 $13 {Schwarz hat Doppelbauern in der f-Linie, aber
das Läuferpaar und aktive Möglichkeiten am Königsflügel. Ein normaler Plan ist
...b5, ...Bb7, ...0-0-0.}) 11... Qd6 {Eine auf den ersten Blick sonderbare
Fortsetzung. Schwarz möchte die schwarzfeldrigen Läufer tauschen, aber nach
sofortigem 11...Bxd4 12.Qxd4 steht die weisse Dame sehr aktiv im Zentrum.} (
11... Bxd4 12. Qxd4 e5 13. Qb4 d6 14. Rfd1 Ke7 15. Rd5 Kd7 16. Rd3 b5 17. Rad1
{1-0 Dovzik,J-Mihalko,J/Nyiregyhaza 1998 (24)}) (11... d6 $5 12. Qd2 b5 13.
Rad1 Bb7 $11) 12. Bxc5 Qxc5 13. Qd3 {[%cal Gd3g3,Gg3g7]} h4 {Schwarz gewinnt
Raum am Königsflügel und verhindert die eventuelle Möglichkeit Qg3.} (13... b5
14. Qg3 Bb7 $1 15. e5 h4 $1 16. Qf4 Nh5 17. Bxh5 (17. Qxh4 Qxe5 18. Rae1 Qf4 $1
19. Qxf4 Nxf4 20. f3 Rc8 $15) 17... Rxh5 18. Ne4 Bxe4 19. Qxe4 Rc8 $15 {
1/2-1/2 Kulaots,K-Miezis,N/Riga zt 1995/CBM 47/[Ribli] (52)}) 14. Rad1 b5 $11 {
Der schwarze König steht noch in der Mitte, aber Weiss hat keine Drohungen. Im
folgenden möchte Schwarz mit ...Bb7 die Entwicklung beenden.} 15. b4 $5 (15.
Qd6 Qxd6 16. Rxd6 b4 17. e5 bxc3 18. exf6 gxf6 19. bxc3 Bb7 $11) 15... Qc7 {
Schwarz muss das Opfer ablehnen und das Feld e5 kontrollieren.} (15... Qxb4 16.
e5 Nh5 17. Bxh5 Rxh5 18. Ne4 $16 {[%csl Yd6][%cal Re4d6,Rd6e8] Weiss hat mehr
als ausreichenden Ersatz für den Bauern. Das Feld d6 ist eine schwerwiegende
Schwäche im schwarzen Lager.} Rxe5 $2 19. Nd6+ Ke7 (19... Kf8 20. Qf3 $18 {
[%cal Rf3a8,Rf3f7]}) 20. Nxc8+ Rxc8 21. Qxd7+ $18) 16. f4 Bb7 (16... d6 17.
Qxd6 $18) 17. e5 (17. Bf3 Nh5 $11 (17... Qxf4 18. e5 {[%csl Rf4][%cal Rf3b7]}
Bxf3 19. exf6 $18)) 17... Nh5 $5 {[%csl Yg3][%cal Gh5g3,Gg3e2,Gg3f1] Der
schwarze Springer strebt nach g3.} (17... Nd5 18. Ne4 (18. Nxd5 Bxd5 19. Bf3
Bxf3 20. Rxf3 $14) 18... Nxb4 19. Qd6 {[%csl Gd6][%cal Rd6b4,Rd6c7]} Qc6 20.
Bf3 {[%cal Gf3a8]} Nd5 21. f5 $44 {Weiss hat viel Initiative für den Bauern.})
18. Bf3 (18. Ne4 $5 Bxe4 19. Qxe4 Rc8 20. Bxh5 Rxh5 21. Rf2 $5) 18... Ng3 (
18... Nxf4 19. Qe3 Nd5 20. Nxd5 Bxd5 21. Bxd5 exd5 22. Rxd5 $14 {Weiss hat
positionellen Druck und der schwarze König steht schlecht auf e8.}) 19. Rfe1
Bxf3 20. Qxf3 Rc8 {[%cal Rc8c2]} 21. Rd3 O-O {[%cal Gg3f5] Endlich ist der
schwarze König ist in Sicherheit. Der d7-Bauer ist ein wenig schwach, aber
Schwarz kontrolliert stark die c-Linie. Der schwarze Springer strebt auf das
schöne Vorpostenfeld f5.} 22. Kh2 f6 $13 {[%cal Gc7h2,Gf8f3] Nach diesem Zug
sehen wir einen scharfen taktischen Kampf mit beiderseitigen Chancen.} 23. Qg4
{[%cal Rg4h4]} (23. exf6 $2 Rxf6 $17 {[%csl Rf4]}) 23... fxe5 (23... Nf5 24.
exf6 Rxf6 25. Ne4 $14 {[%csl Yc5][%cal Re4f6,Ge4c5]}) 24. Rxe5 (24. fxe5 $6 Rf1
25. Rxf1 Nxf1+ 26. Kg1 Qxe5 $36) 24... Nf5 {[%csl Gf5] Der schwarze Springer
steht ausgezeichnet auf f5 und kontrolliert die wichtigsten Punkte.} (24... Qd8
25. Ne4 Rc4 26. Nxg3 Rcxf4 27. Qg6 hxg3+ 28. Qxg3 $11) 25. Ne4 $36 {[%cal
Ge4g5,Ge4c5,Gd3c3,Gc3c8]} d6 (25... Qxc2 $2 26. Rxd7 $16 {[%csl Gd7]}) 26. Rxe6
Qxc2 27. Nf6+ $6 {Dieser Zug führt zu Vereinfachungen und einem gleichen
Endspiel. Meines Erachtens wäre es für Weiss besser, die Figuren auf dem Brett
zu behalten.} (27. Rd2 $14 {Weiss hat aktives Figurenspiel und etwas bessere
Chancen.}) 27... Rxf6 28. Rxf6 Qxd3 29. Rxf5 (29. Qxf5 $4 Qg3+ $19) 29... Rc2 {
[%cal Gc2a2,Gc2h2]} 30. Rg5 (30. Rh5 Qg3+ 31. Qxg3 hxg3+ 32. Kxg3 Kf7 $11)
30... Qg3+ 31. Qxg3 hxg3+ 32. Kxg3 {Und in ungefähr gleicher Stellung wurde
remis vereinbart. Weiß besitzt noch einen Mehrbauern, aber sein a-Bauer ist
kaum zu halten.} (32. Kxg3 Kf7 $11 (32... Rxa2 33. Rd5 Rb2 34. Rxd6 Rxb4 35.
Rxa6 $16)) 1/2-1/2